00430 2200169 4500001002100000005001500021008004100036020002200077035001900099041000700118082001000125090001600135100002400151245004100175260001900216300002500235INLIS00000000000019320241224112130241224||||||||| | ||| |||| || |  a978-979-788-014-9 0010-1224000193 aid0 a332.6 a332.6 WIL b0 aWilliam Tanuwidjaja00aBeli Apartemen Pakai Duit Orang Lain bMedpressc2008 aviii, 78 hlm.; 23 cm